000 01318nam a2200385 a 4500
001 47736
003 FlNmELB
005 20241216231905.0
006 m o d |
007 cr cn|||||||||
008 201109r2011 sp |||||s|||||||||||spa d
020 _z9788479425371
035 _a(MiAaPQ)EBC3195017
035 _a(Au-PeEL)EBL3195017
035 _a(CaPaEBR)ebr10491502
035 _a(OCoLC)929291846
040 _aFlNmELB
_bspa
_cFlNmELB
050 4 _aHD62.5
_bV713 2011
080 _a658.11
082 0 4 _a658.11
_222
100 1 _aVillagrá, Fernando L.
245 1 0 _aEmpresa e iniciativa emprendedora
_h[recurso electronico] /
_cFernando L. Villagrá, Francisco Lobato.
260 _a[Madrid] :
_bMacmillan Profesional,
_c[2011]
300 _a223 p.
440 0 _aEvoluciona
533 _aRecurso electrónico. Santa Fe, Arg.: e-libro, 2015. Disponible vía World Wide Web. El acceso puede estar limitado para las bibliotecas afiliadas a e-libro.
650 0 _aEmpresas nuevas.
650 0 _aAdministración de empresas.
650 0 _aNew business enterprises
_xManagement.
653 _aAdministracion de empresas
655 4 _aLibros electrónicos.
700 1 _aLobato, Francisco.
710 2 _ae-libro, Corp.
856 4 0 _uhttps://elibro.net/ereader/politecnicointernacional/52801
999 _c47736
_d47736